000 00558nam a2200193 i 4500
001 105536
003 ES-MaACL
007 t|
008 060724s1966 fr ||||1| fre d
080 _a323.2"19"
100 1 _aTouraine, Alain,
_d1925-2023
_9111138
245 1 3 _aLa conscience ouvrière /
_cAlain Touraine.
260 _aParis :
_bSeuil,
_c[1966]
300 _a397 p. ;
_c20 cm.
500 _aBiblioteca Juan Andrade.
650 1 4 _aMovimientos sociales-
_yS.XX.
_915233
852 _aES-MaACL
_jAND-349
_bR.109654
999 _c105536
_d105536